[Event "Kragero op"]
[Site "Kragero"]
[Date "2024.02.21"]
[Round "1"]
[White "Ostmoe, Geir S Tallaksen"]
[Black "Hjort, Jens Lunnan"]
[Result "1-0"]
[WhiteElo "2477"]
[BlackElo "2111"]
[PlyCount "114"]
[EventDate "2024.02.21"]
[EventType "swiss"]
[EventRounds "9"]
[EventCountry "NOR"]
[SourceTitle "CB09_2024"]
[SourceDate "2024.02.28"]
[SourceVersion "1"]
[SourceVersionDate "2024.02.28"]
[SourceQuality "1"]

1. d4 Nf6 2. Nf3 c5 3. d5 b5 4. Bg5 Ne4 5. Bf4 Bb7 6. Qd3 Qa5+ 7. Nbd2 f5 8. a4 c4 9. Qd4 c3 10. bxc3 Qxc3 11. axb5 Bxd5 12. e3 d6 13. Qxc3 Nxc3 14. Ra3 Ne4 15. Nxe4 fxe4 16. Nd2 Nd7 17. Be2 g5 18. Bxg5 Rg8 19. h4 Bg7 20. c4 Bb7 21. Bh5+ Kd8 22. Ke2 h6 23. Bf4 Kc7 24. Rb1 Kb6 25. Bf7 Rgf8 26. Bg6 Nc5 27. h5 Rad8 28. f3 exf3+ 29. gxf3 d5 30. cxd5 Bxd5 31. Bg3 Rd7 32. Bf2 Be6 33. Be1 Rfd8 34. Nf1 Bc4+ 35. Kf2 Rd1 36. Ba5+ Kb7 37. Bxd8 Rxd8 38. Kg3 Kb6 39. e4 Bd4 40. Ne3 Bd3 41. Nd5+ Kb7 42. Rd1 Be5+ 43. f4 Nxe4+ 44. Kg2 Bc2 45. fxe5 Bxd1 46. Bxe4 e6 47. Ne3+ Kb6 48. Nxd1 Rxd1 49. Bc6 Re1 50. Ra6+ Kc5 51. Rxa7 Rxe5 52. Be8 Rf5 53. Rc7+ Kb6 54. Re7 Rf6 55. Kg3 Kc5 56. Kg4 Kd6 57. Rf7 Kd5 1-0

[Event "NOR-ch"]
[Site "Kongsvinger"]
[Date "2022.07.16"]
[Round "9"]
[White "Tallaksen, Levi Andre"]
[Black "Ostmoe, Geir S Tallaksen"]
[Result "1/2-1/2"]
[WhiteElo "2341"]
[BlackElo "2483"]
[PlyCount "116"]
[EventDate "2022.07.08"]
[EventType "swiss"]
[EventRounds "9"]
[EventCountry "NOR"]
[SourceTitle "CBM 209 Extra"]
[Source "ChessBase"]
[SourceDate "2022.09.30"]
[SourceVersion "1"]
[SourceVersionDate "2022.09.30"]
[SourceQuality "1"]

1. d4 Nf6 2. c4 e6 3. Nf3 d5 4. Nc3 Bb4 5. e3 0-0 6. Bd3 b6 7. 0-0 Ba6 8. Ne5 dxc4 9. Nxc4 c5 10. Qf3 Nbd7 11. a3 Bxc3 12. bxc3 e5 13. dxe5 Bxc4 14. Bxc4 Nxe5 15. Qe2 Ne4 16. Ba6 c4 17. Bxc4 Qc7 18. Ba6 Rad8 19. f3 Nc5 20. e4 Nxa6 21. Qxa6 Qc5+ 22. Kh1 Nd3 23. h3 Nf2+ 24. Kh2 Qe5+ 25. g3 Qxc3 26. Ra2 Nd1 27. Bg5 Rd3 28. Qa4 Rxf3 29. Qxd1 Rxg3 30. Bf4 Rxh3+ 31. Kg2 Rd3 32. Qg4 Qc6 33. Be5 f6 34. Raf2 h5 35. Qg6 Qe6 36. Bh2 Rxa3 37. e5 Qh3+ 38. Kg1 Ra4 39. Rg2 Rg4 40. Rxg4 Qxg4+ 41. Qxg4 hxg4 42. e6 Re8 43. Re1 g5 44. Bd6 f5 45. Re5 Kg7 46. Rxf5 Rxe6 47. Rxg5+ Kf6 48. Rd5 a6 49. Kf2 b5 50. Bb4 Re4 51. Ba5 Ke6 52. Rg5 Kf6 53. Rc5 Rc4 54. Rh5 Ra4 55. Rh6+ Kf5 56. Rxa6 Ra2+ 57. Kg3 Ra3+ 58. Kg2 Ra2+ 1/2-1/2

[Event "Kragero op"]
[Site "Kragero"]
[Date "2022.02.25"]
[Round "6"]
[White "Fridman, Daniel"]
[Black "Ostmoe, Geir S Tallaksen"]
[Result "1-0"]
[WhiteElo "2626"]
[BlackElo "2466"]
[PlyCount "57"]
[EventDate "2022.02.23"]
[EventType "swiss"]
[EventRounds "9"]
[EventCountry "NOR"]
[SourceTitle "CBM 207 Extra"]
[Source "ChessBase"]
[SourceDate "2022.05.31"]
[SourceVersion "1"]
[SourceVersionDate "2022.05.31"]
[SourceQuality "1"]

1. c4 e6 2. Nf3 d5 3. g3 Nf6 4. Bg2 dxc4 5. Qa4+ Nbd7 6. Qxc4 a6 7. Qb3 c5 8. d3 Bd6 9. a4 Bc7 10. Bd2 Rb8 11. a5 0-0 12. 0-0 Nd5 13. Rc1 b6 14. axb6 Rxb6 15. Qa3 a5 16. Nc3 Bb7 17. Na4 Rb5 18. d4 Nb4 19. dxc5 Nc6 20. Qd3 Na7 21. Be3 Bxf3 22. exf3 Ne5 23. Qf1 Rb3 24. c6 Nc8 25. f4 Ng4 26. Bc5 Re8 27. Rd1 Qf6 28. Rd7 Bxf4 29. Qd1 1-0

[Event "Online Olym Div2 C"]
[Site "Chess.com INT"]
[Date "2021.09.03"]
[Round "5.2"]
[White "Ostmoe, Geir S Tallaksen"]
[Black "Fidalgo, Andre Neves"]
[Result "1/2-1/2"]
[WhiteElo "2469"]
[BlackElo "2263"]
[PlyCount "71"]
[EventDate "2021.09.02"]
[EventType "team (rapid)"]
[EventRounds "9"]
[EventCountry "USA"]
[SourceTitle "CBM 204 Extra"]
[Source "ChessBase"]
[SourceDate "2021.11.30"]
[SourceVersion "1"]
[SourceVersionDate "2021.11.30"]
[SourceQuality "1"]
[WhiteTeam "Norway"]
[BlackTeam "Portugal"]
[WhiteTeamCountry "NOR"]
[BlackTeamCountry "POR"]

1. d4 Nf6 2. c4 g6 3. g3 c6 4. Nf3 Bg7 5. Bg2 d5 6. 0-0 0-0 7. Nbd2 a5 8. Ne5 a4 9. h3 Qa5 10. g4 Rd8 11. Rb1 h5 12. e3 hxg4 13. hxg4 Ne4 14. Nxe4 dxe4 15. Bd2 Qc7 16. f4 exf3 17. Qxf3 Be6 18. Bc3 Nd7 19. Nxd7 Qxd7 20. b3 axb3 21. axb3 Rf8 22. g5 Ra2 23. Rb2 Rfa8 24. Qf2 Ra1 25. Rd2 Rxf1+ 26. Qxf1 Ra3 27. Qd1 Bg4 28. Qc2 Qf5 29. Qxf5 Bxf5 30. Rb2 Ra1+ 31. Kf2 Rb1 32. Rxb1 Bxb1 33. b4 Bd3 34. b5 Bxc4 35. bxc6 bxc6 36. Bxc6 1/2-1/2

[Event "Online Olym Div2 C"]
[Site "Chess.com INT"]
[Date "2021.09.03"]
[Round "6.4"]
[White "Smirin, Ilia"]
[Black "Ostmoe, Geir S Tallaksen"]
[Result "1-0"]
[WhiteElo "2616"]
[BlackElo "2469"]
[PlyCount "97"]
[EventDate "2021.09.02"]
[EventType "team (rapid)"]
[EventRounds "9"]
[EventCountry "USA"]
[SourceTitle "CBM 204 Extra"]
[Source "ChessBase"]
[SourceDate "2021.11.30"]
[SourceVersion "1"]
[SourceVersionDate "2021.11.30"]
[SourceQuality "1"]
[WhiteTeam "Israel"]
[BlackTeam "Norway"]
[WhiteTeamCountry "ISR"]
[BlackTeamCountry "NOR"]

1. e4 c6 2. d4 d5 3. e5 Bf5 4. Nf3 e6 5. Be2 c5 6. Be3 cxd4 7. Nxd4 Ne7 8. Nd2 Nbc6 9. N2f3 Be4 10. 0-0 Bxf3 11. Nxf3 Nf5 12. Bf4 Be7 13. Bd3 g5 14. Bxf5 exf5 15. Bd2 g4 16. Ne1 Nxe5 17. Bc3 f6 18. Nd3 d4 19. Bd2 0-0 20. Re1 Bd6 21. Nf4 Qd7 22. c3 dxc3 23. Bxc3 Rad8 24. Qb3+ Rf7 25. Rad1 Qe7 26. Qc2 Kh8 27. Qxf5 Rg8 28. Nd5 Qf8 29. Nxf6 Rxf6 30. Bxe5 Bxe5 31. Qxe5 Rg7 32. Rd4 Rf5 33. Qe3 Kg8 34. Re4 Qd6 35. Re8+ Rf8 36. Qxa7 Rgf7 37. Rxf8+ Kxf8 38. Qe3 Qf6 39. b4 Kg7 40. a4 h5 41. a5 Qf5 42. Qe5+ Kg6 43. Qxf5+ Rxf5 44. Re6+ Kg5 45. Rb6 Rd5 46. g3 h4 47. gxh4+ Kf4 48. Rxb7 Kf3 49. Rf7+ 1-0

[Event "Kragero Sept op"]
[Site "Kragero"]
[Date "2020.09.05"]
[Round "4"]
[White "Shehzad, Shazil Khan"]
[Black "Ostmoe, Geir S Tallaksen"]
[Result "0-1"]
[WhiteElo "2164"]
[BlackElo "2472"]
[PlyCount "64"]
[EventDate "2020.09.04"]
[EventType "swiss"]
[EventRounds "6"]
[EventCountry "NOR"]
[SourceTitle "CBM 198 Extra"]
[Source "ChessBase"]
[SourceDate "2020.11.30"]
[SourceVersion "1"]
[SourceVersionDate "2020.11.30"]
[SourceQuality "1"]

1. e4 c5 2. Nf3 Nc6 3. Bb5 g6 4. 0-0 Bg7 5. Re1 e5 6. Bxc6 dxc6 7. d3 Qe7 8. a3 Nf6 9. b4 0-0 10. bxc5 Rd8 11. a4 Qxc5 12. Ba3 Qa5 13. Qd2 Qc7 14. Qc3 Nd7 15. Nbd2 Nf8 16. Nc4 Ne6 17. Rab1 Rb8 18. Ncd2 Nd4 19. Nxd4 exd4 20. Qb2 Be6 21. Nb3 b6 22. Bb4 c5 23. Bd2 c4 24. dxc4 Qxc4 25. e5 Bf5 26. Rbc1 Qxa4 27. Bg5 Rd5 28. Bf6 Re8 29. Bxg7 Kxg7 30. Rcd1 Qb4 31. f4 Rc8 32. e6 Rxc2 0-1

[Event "Titled Tuesday intern op 6th June"]
[Site "Chess.com INT"]
[Date "2020.06.02"]
[Round "1"]
[White "Roebers, Jan"]
[Black "Ostmoe, Geir S Tallaksen"]
[Result "0-1"]
[WhiteElo "2170"]
[BlackElo "2472"]
[PlyCount "92"]
[EventDate "2020.06.02"]
[EventType "swiss (blitz)"]
[EventRounds "10"]
[EventCountry "USA"]
[SourceTitle "CBM 196 Extra"]
[Source "ChessBase"]
[SourceDate "2020.07.31"]
[SourceVersion "1"]
[SourceVersionDate "2020.07.31"]
[SourceQuality "1"]

1. e4 e5 2. Nf3 Nc6 3. Bb5 a6 4. Ba4 Nge7 5. 0-0 g6 6. c3 Bg7 7. d4 exd4 8. cxd4 b5 9. Bb3 0-0 10. h3 Na5 11. Bc2 d6 12. Nc3 Bb7 13. d5 Nc4 14. Bb3 c6 15. Bxc4 bxc4 16. Be3 cxd5 17. Nxd5 Bxd5 18. exd5 Bxb2 19. Bd4 Bxd4 20. Qxd4 Rc8 21. Rac1 Nf5 22. Qf4 c3 23. g4 Nh4 24. Nd4 g5 25. Qg3 Qf6 26. Nf5 Nxf5 27. Qf3 Rc5 28. gxf5 Rfc8 29. Kh1 Qe5 30. h4 Qxd5 31. Qxd5 Rxd5 32. hxg5 Rxf5 33. f4 d5 34. Rf3 d4 35. Kg2 Kf8 36. Kg3 Ke7 37. Kg4 Rd5 38. Re1+ Kd6 39. f5 c2 40. Rc1 d3 41. g6 hxg6 42. fxg6 fxg6 43. Rf6+ Ke7 44. Rxg6 d2 45. Rh1 d1Q+ 46. Kg3 Qxh1 0-1

[Event "Titled Tuesday intern op 7th April"]
[Site "Chess.com INT"]
[Date "2020.04.07"]
[Round "3"]
[White "Ostmoe, Geir S Tallaksen"]
[Black "Neiksans, Arturs"]
[Result "0-1"]
[WhiteElo "2472"]
[BlackElo "2557"]
[PlyCount "66"]
[EventDate "2020.04.07"]
[EventType "swiss (blitz)"]
[EventRounds "10"]
[EventCountry "USA"]
[SourceTitle "EXT 2021"]
[Source "ChessBase"]
[SourceDate "2020.10.23"]
[SourceVersion "1"]
[SourceVersionDate "2020.10.23"]
[SourceQuality "1"]

1. d4 Nf6 2. c4 b6 3. Nc3 Bb7 4. Nf3 e6 5. a3 d5 6. cxd5 Nxd5 7. Qc2 Nxc3 8. bxc3 Be7 9. e4 0-0 10. Bd3 c5 11. 0-0 cxd4 12. cxd4 Nd7 13. Bb2 Rc8 14. Qe2 Nf6 15. d5 exd5 16. e5 Ne4 17. Nd4 Bc5 18. Kh1 Re8 19. Nf5 Qg5 20. Bxe4 dxe4 21. Nd6 Bxd6 22. exd6 Rcd8 23. Rfd1 Rd7 24. Rac1 Red8 25. Rc7 h6 26. h3 e3 27. f3 Rxd6 28. Rxd6 Rxd6 29. Qc4 Bd5 30. Rc8+ Kh7 31. Qd3+ Rg6 32. Rc2 Bxf3 33. Qf1 e2 0-1

[Event "Titled Tuesday intern op 7th April"]
[Site "Chess.com INT"]
[Date "2020.04.07"]
[Round "5"]
[White "Ostmoe, Geir S Tallaksen"]
[Black "Quinonez Garcia, Santiago"]
[Result "1-0"]
[WhiteElo "2472"]
[BlackElo "2227"]
[PlyCount "67"]
[EventDate "2020.04.07"]
[EventType "swiss (blitz)"]
[EventRounds "10"]
[EventCountry "USA"]
[SourceTitle "EXT 2021"]
[Source "ChessBase"]
[SourceDate "2020.10.23"]
[SourceVersion "1"]
[SourceVersionDate "2020.10.23"]
[SourceQuality "1"]

1. d4 Nf6 2. c4 e6 3. g3 d5 4. Bg2 Be7 5. Nf3 0-0 6. 0-0 dxc4 7. Ne5 a6 8. Nxc4 Nc6 9. e3 Bd7 10. Nc3 Rb8 11. Bd2 b5 12. Ne5 Nxe5 13. dxe5 Ne8 14. f4 c5 15. Ne4 c4 16. g4 Qb6 17. Qf3 Bc6 18. Rad1 Rc8 19. f5 exf5 20. gxf5 f6 21. e6 Nd6 22. Qg4 Nxe4 23. Bxe4 Rcd8 24. Bxc6 Qxc6 25. Bc3 Rxd1 26. Rxd1 b4 27. Rd7 bxc3 28. Rxe7 g6 29. fxg6 h6 30. g7 Rd8 31. Qh5 Rd1+ 32. Qxd1 cxb2 33. Qd8+ Kh7 34. g8Q# 1-0

[Event "Titled Tuesday intern op 7th April"]
[Site "Chess.com INT"]
[Date "2020.04.07"]
[Round "2"]
[White "Ostmoe, Geir S Tallaksen"]
[Black "Tomaszewski, Roman"]
[Result "1-0"]
[WhiteElo "2472"]
[BlackElo "2206"]
[PlyCount "65"]
[EventDate "2020.04.07"]
[EventType "swiss (blitz)"]
[EventRounds "10"]
[EventCountry "USA"]
[SourceTitle "EXT 2021"]
[Source "ChessBase"]
[SourceDate "2020.10.23"]
[SourceVersion "1"]
[SourceVersionDate "2020.10.23"]
[SourceQuality "1"]

1. d4 d5 2. c4 c6 3. Nf3 Nf6 4. e3 g6 5. Bd3 Bg7 6. 0-0 Bg4 7. Nbd2 0-0 8. h3 Bxf3 9. Nxf3 e6 10. Ne5 Nfd7 11. f4 Nxe5 12. fxe5 Nd7 13. Bd2 f6 14. Bb4 Rf7 15. exf6 Bxf6 16. Qg4 e5 17. cxd5 cxd5 18. Bf5 Nf8 19. Bxf8 Kxf8 20. Be6 exd4 21. Bxf7 Kxf7 22. exd4 Kg7 23. Rae1 Qb6 24. Qd7+ Kh6 25. Rf4 Bxd4+ 26. Kh1 Bf2 27. Re7 Rh8 28. Qxd5 Qxb2 29. Qd1 Rd8 30. Qf1 Bg3 31. Rf3 Qc2 32. Rxg3 Rd1 33. Re1 1-0

[Event "NOR-chT Elite 1920"]
[Site "Norway"]
[Date "2020.03.08"]
[Round "9.2"]
[White "Howell, David"]
[Black "Ostmoe, Geir S Tallaksen"]
[Result "1-0"]
[WhiteElo "2653"]
[BlackElo "2466"]
[PlyCount "39"]
[EventDate "2019.11.01"]
[EventType "team-tourn"]
[EventRounds "9"]
[EventCountry "NOR"]
[SourceTitle "CBM 195 Extra"]
[Source "ChessBase"]
[SourceDate "2020.05.31"]
[SourceVersion "1"]
[SourceVersionDate "2020.05.31"]
[SourceQuality "1"]
[WhiteTeam "Valerenga"]
[BlackTeam "SOSS"]
[WhiteTeamCountry "NOR"]
[BlackTeamCountry "NOR"]

1. c4 e6 2. g3 d5 3. Bg2 Nf6 4. Nf3 dxc4 5. Qa4+ Nbd7 6. Qxc4 a6 7. Qb3 c5 8. a4 Qc7 9. a5 b5 10. axb6 Nxb6 11. d3 Bd6 12. Na3 Rb8 13. Bd2 e5 14. Ba5 Be6 15. Qc2 Qe7 16. Bxb6 Rxb6 17. Nd2 Nd5 18. Qa4+ Kf8 19. Ndc4 Rb8 20. Qc6 1-0

[Event "NOR-chT 1819"]
[Site "Norway"]
[Date "2019.01.13"]
[Round "6.2"]
[White "Ostmoe, Geir S Tallaksen"]
[Black "Galchenko, Matvey"]
[Result "1/2-1/2"]
[WhiteElo "2440"]
[BlackElo "2368"]
[PlyCount "79"]
[EventDate "2018.11.02"]
[EventType "team-tourn"]
[EventRounds "9"]
[EventCountry "NOR"]
[SourceTitle "CBM 188 Extra"]
[Source "ChessBase"]
[SourceDate "2019.02.26"]
[SourceVersion "1"]
[SourceVersionDate "2019.02.26"]
[SourceQuality "1"]
[WhiteTeam "Asker"]
[BlackTeam "Alta"]
[WhiteTeamCountry "NOR"]
[BlackTeamCountry "NOR"]

1. d4 Nf6 2. Nf3 e6 3. Bg5 h6 4. Bxf6 Qxf6 5. e4 d6 6. Nc3 a6 7. Qd2 Qd8 8. 0-0-0 Be7 9. h4 b5 10. Rh3 Nd7 11. Rg3 g6 12. e5 d5 13. Bd3 Nf8 14. Ne2 c5 15. dxc5 Bxc5 16. Nfd4 h5 17. b4 Bb6 18. Bxb5+ Bd7 19. Bxd7+ Nxd7 20. Rxg6 Bxd4 21. Nxd4 fxg6 22. Nxe6 Qb6 23. Qxd5 Ra7 24. Ng5 Rf8 25. e6 Nf6 26. Qd3 Ke7 27. Qxg6 Qxf2 28. Qg7+ Ke8 29. Qg6+ Ke7 30. a3 Qe3+ 31. Kb1 Qxa3 32. Qg7+ Ke8 33. Qg6+ Ke7 34. Qg7+ Ke8 35. Rd8+ Kxd8 36. Qxf8+ Kc7 37. Qe7+ Kc8 38. Qf8+ Kc7 39. Qc5+ Kb8 40. Qf8+ 1/2-1/2

[Event "NOR-chT 1819"]
[Site "Norway"]
[Date "2018.11.03"]
[Round "2.3"]
[White "Ostmoe, Geir S Tallaksen"]
[Black "Blomqvist, Erik"]
[Result "0-1"]
[WhiteElo "2440"]
[BlackElo "2491"]
[PlyCount "116"]
[EventDate "2018.11.02"]
[EventType "team-tourn"]
[EventRounds "9"]
[EventCountry "NOR"]
[SourceTitle "CBM 188 Extra"]
[Source "ChessBase"]
[SourceDate "2019.02.26"]
[SourceVersion "1"]
[SourceVersionDate "2019.02.26"]
[SourceQuality "1"]
[WhiteTeam "Asker"]
[BlackTeam "Nordstrand"]
[WhiteTeamCountry "NOR"]
[BlackTeamCountry "NOR"]

1. e4 c5 2. b3 g6 3. Bb2 Nf6 4. e5 Nd5 5. Bc4 Nb6 6. Bd3 Bg7 7. f4 Nc6 8. Nc3 d6 9. exd6 0-0 10. Nf3 exd6 11. 0-0 d5 12. Re1 Qd6 13. g3 Bg4 14. Nb5 Qd7 15. Bxg7 Kxg7 16. Be2 Rae8 17. Ne5 Nxe5 18. fxe5 Rxe5 19. Bxg4 Rxe1+ 20. Qxe1 Qxb5 21. Qe5+ f6 22. Qe7+ Rf7 23. Qe6 Qc6 24. Qxc6 bxc6 25. Re1 f5 26. Bf3 Kf6 27. Re8 Nd7 28. Kf2 Rf8 29. Re3 h5 30. h4 Rb8 31. Rc3 Ke5 32. Re3+ Kd6 33. Re1 a5 34. Re2 Nf8 35. Re1 Ne6 36. Re3 Ra8 37. Re1 a4 38. Rb1 Rb8 39. a3 Nd4 40. Bd1 axb3 41. cxb3 Ra8 42. a4 Rb8 43. Ke3 Rb4 44. a5 Kc7 45. Kf4 c4 46. Kg5 cxb3 47. Rb2 c5 48. Kxg6 c4 49. Kxh5 Ra4 50. g4 fxg4 51. Kxg4 Ra1 52. Bf3 Kd6 53. Bg2 Ra2 54. Rb1 Rxd2 55. Bh3 c3 56. Rf1 Ra2 57. h5 Rxa5 58. h6 Ra7 0-1

[Event "NOR-chT 1617"]
[Site "Norway"]
[Date "2017.03.04"]
[Round "8.4"]
[White "Ostmoe, Geir S Tallaksen"]
[Black "Kvisla, Johannes Luangtep"]
[Result "1-0"]
[WhiteElo "2466"]
[BlackElo "2294"]
[PlyCount "113"]
[EventDate "2016.10.28"]
[EventType "team-tourn"]
[EventRounds "9"]
[EventCountry "NOR"]
[SourceTitle "EXT 2018"]
[Source "ChessBase"]
[SourceDate "2017.10.13"]
[SourceVersion "1"]
[SourceVersionDate "2017.10.13"]
[SourceQuality "1"]
[WhiteTeam "Asker"]
[BlackTeam "Stavanger"]
[WhiteTeamCountry "NOR"]
[BlackTeamCountry "NOR"]

1. d4 Nf6 2. c4 e6 3. Nf3 d5 4. g3 dxc4 5. Bg2 Bd7 6. Ne5 Bc6 7. Nxc6 Nxc6 8. 0-0 Qd7 9. e3 0-0-0 10. Qa4 Nd5 11. Qxc4 h5 12. Nc3 h4 13. Bd2 hxg3 14. fxg3 Kb8 15. Ne4 f5 16. Nc5 Bxc5 17. Qxc5 g5 18. e4 fxe4 19. Bxg5 Rdg8 20. h4 b6 21. Qc2 e3 22. Qe4 Qd6 23. Rf3 e2 24. a3 Rf8 25. Rd3 Rf5 26. Re1 Nd8 27. Rxe2 Nf7 28. Bf4 Rxf4 29. gxf4 Rxh4 30. Rg3 Rh8 31. Rf2 Nd8 32. Qe5 Nf7 33. Qxd6 Nxd6 34. f5 Nf6 35. fxe6 Nfe4 36. Bxe4 Nxe4 37. Rh2 Re8 38. Rg6 Re7 39. Re2 Nd6 40. Kg2 Kb7 41. Kf3 Kc6 42. Kf4 Kd5 43. Kg5 Ne8 44. Kf5 Kd6 45. Re5 Rh7 46. Ke4 Rh4+ 47. Kd3 Ke7 48. Rf5 Rh3+ 49. Kd2 Nd6 50. Rg7+ Ke8 51. Rf1 Rh2+ 52. Kc1 Rh6 53. d5 Rh5 54. Rxc7 Rxd5 55. Rxa7 Nb5 56. Rb7 Nd4 57. Rh1 1-0

[Event "NOR-chT 1516"]
[Site "Norway"]
[Date "2016.01.16"]
[Round "5.2"]
[White "Ostmoe, Geir S Tallaksen"]
[Black "Tari, Aryan"]
[Result "1-0"]
[WhiteElo "2458"]
[BlackElo "2521"]
[PlyCount "75"]
[EventDate "2015.10.30"]
[EventType "team-tourn"]
[EventRounds "9"]
[EventCountry "NOR"]
[SourceTitle "CBM 170 Extra"]
[Source "ChessBase"]
[SourceDate "2016.02.25"]
[SourceVersion "1"]
[SourceVersionDate "2016.02.25"]
[SourceQuality "1"]
[WhiteTeam "Asker"]
[BlackTeam "Valerenga"]
[WhiteTeamCountry "NOR"]
[BlackTeamCountry "NOR"]

1. Nf3 c5 2. c4 Nc6 3. Nc3 g6 4. g3 Bg7 5. Bg2 d6 6. 0-0 e6 7. e3 Nge7 8. d4 0-0 9. b3 b6 10. Bb2 Bb7 11. Qd2 Rb8 12. Rad1 cxd4 13. exd4 d5 14. cxd5 Nxd5 15. Nxd5 exd5 16. Ne5 Qd6 17. Rfe1 Ne7 18. Bc3 Nc6 19. Qf4 Rbd8 20. Rc1 a5 21. Bb2 Nb4 22. a3 Nc6 23. Re2 Ne7 24. Rec2 Nf5 25. g4 Bh6 26. g5 Bg7 27. Rc7 Ba8 28. Bh3 f6 29. Bxf5 fxg5 30. Qe3 Rxf5 31. Ra7 Qe6 32. Rcc7 Bxe5 33. Rg7+ Kf8 34. Rxh7 Ke8 35. dxe5 d4 36. Qh3 Bd5 37. Rh8+ Rf8 38. Rxf8+ 1-0

[Event "NOR-chT 1415"]
[Site "Norway"]
[Date "2015.03.07"]
[Round "10"]
[White "Ostmoe, Geir S Tallaksen"]
[Black "Turov, Maxim"]
[Result "0-1"]
[WhiteElo "2453"]
[BlackElo "2586"]
[PlyCount "116"]
[EventDate "2014.10.31"]
[EventType "team-tourn"]
[EventRounds "11"]
[EventCountry "NOR"]
[SourceTitle "EXT 2016"]
[Source "ChessBase"]
[SourceDate "2015.10.08"]
[SourceVersion "1"]
[SourceVersionDate "2015.10.08"]
[SourceQuality "1"]
[WhiteTeam "SOSS"]
[BlackTeam "Tromsoe"]
[WhiteTeamCountry "NOR"]
[BlackTeamCountry "NOR"]

1. d4 Nf6 2. c4 g6 3. g3 c5 4. d5 b5 5. cxb5 a6 6. bxa6 Bg7 7. Nc3 d6 8. Nf3 0-0 9. Bg2 Nbd7 10. 0-0 Nb6 11. Nd2 Bxa6 12. Rb1 Bb7 13. e4 Ba6 14. Re1 Nfd7 15. Nf3 Nc4 16. Qc2 Qa5 17. Bf1 Rfb8 18. Bd2 Nxd2 19. Nxd2 Bxf1 20. Rxf1 Bxc3 21. bxc3 Rxb1 22. Rxb1 Qxa2 23. Rb2 Qa6 24. c4 Ne5 25. Kg2 Qa1 26. Rb1 Qd4 27. Qb2 Qd3 28. Re1 Ra4 29. Re3 Qd4 30. Qxd4 cxd4 31. Rb3 Nxc4 32. Nxc4 Rxc4 33. Kf3 Kg7 34. Ke2 Rc2+ 35. Ke1 Kf6 36. Rb7 g5 37. f4 gxf4 38. gxf4 Rxh2 39. Rb6 d3 40. Kd1 Rf2 41. e5+ Kg7 42. exd6 exd6 43. Rxd6 Rxf4 44. Kd2 Rd4 45. Rd8 h5 46. d6 Rd5 47. Rd7 h4 48. Ra7 Rxd6 49. Ra4 h3 50. Ra1 h2 51. Rh1 Rh6 52. Kxd3 Kg6 53. Ke3 Kg5 54. Kf3 Rh3+ 55. Kg2 Kg4 56. Kf2 f5 57. Kg2 f4 58. Kf2 f3 0-1